Navrhovanie regulačných diagramov v priemyselnom podniku

Salvato in:
Dettagli Bibliografici
Autore principale: Terek, Milan
Altri autori: Lišková, Iveta
Natura: Capitolo di libro
Lingua:slovacco
Tags: Aggiungi Tag
Nessun Tag, puoi essere il primo ad aggiungerne!!

MARC

LEADER 00000naa$a2200000$$$4500
001 0062190
005 20240502071711.6
041 0 |a slo 
044 |a SK 
245 1 0 |a Navrhovanie regulačných diagramov v priemyselnom podniku  |c Milan Terek, Iveta Lišková 
100 1 |a Terek, Milan 
700 1 |a Lišková, Iveta